Citations de Mister V - Statistiques

Statistiques générales
  • Ce quiz a été pris 307 fois
  • Le résultat moyen est 6 sur 15
Statistiques - réponses
Hint Réponse % Correct
Guillaume ... Le thug
72%
Qui c'est qui a touché à ... Salut les loosers! Dorian
70%
Les foufous les foufous ... De sochaux
64%
Est-ce que tout va bene... Ma bella
61%
Ce que on est là on veut dire ... Chômage
57%
J'l'amène en pique-nique ma bite c'est ... Big Mac
55%
Me propose pas du ... c'est d'l'alcool de tapette Cidre
54%
Mais dis dont : il a un bon cul ... Abdoulaye
52%
yo le rap, yo le rap, ..., et Ferrari qui dérape meufs en string
43%
Ou bien v'nez m'voir sur place, ..., à 10 minutes du stade juste en face du francprix Au 126 rue jean Macé
30%
Avec un os... Dans le nez
23%
Shit, Shit, Bon shit, ..., nos régions ont du talent ma gueule qualité bretonne
17%
J'vais à ... Casto
12%
Il a un piercing à l'arcade, un collier de barbe et une chevalière un peu usée où il est écrit Por sempre
5%
J'ai bien aimé le ... non rien en faite
4%
Aucun quiz correspondant
Distribution des résultats
% des personnes avec chaque résultat
Percentile par nombre de réponses
Votre historique - résultats
Vous n’avez pas pris ce quiz